Statistics for All Official Names of Austria

Click here to take the quiz!

General Stats

  • This quiz has been taken 10 times
  • The average score is 9 of 13

Answer Stats

YearsNames of Austria% Correct
1867-1918Austro-Hungarian Empire
100%
1919-1934First Republic of Austria
89%
1918-1919Republic of German-Austria
89%
1955-Second Republic of Austria
89%
1804-1867Austrian Empire
78%
1156-1453Duchy of Austria
78%
1938-1940German State of Austria
67%
1940-1942Reichsgaue of the Ostmark
67%
1942-1945Alpine and Danube Reichsgaue
56%
1945-1955Allied-Occupied Austria
44%
1453-1804Archduchy of Austria
44%
1934-1938Federal State of Austria
33%
972-1156Margraviate of Austria
33%

Score Distribution

Percentile by Number Answered

Percent of People with Each Score

Your Score History

You have not taken this quiz